| Tag |
First Indicator |
Second Indicator |
Subfields |
| LEADER |
00000cam a2200000 a 4500 |
| 001 |
in00001052425 |
| 005 |
20150929084719.0 |
| 008 |
900809s1991 nyua j b 001 0 eng |
| 010 |
|
|
|a 90046034
|
| 020 |
|
|
|a 0791010252
|
| 035 |
|
|
|a (OCoLC)22347890
|
| 035 |
|
|
|9 AFK7145AM
|
| 040 |
|
|
|a DLC
|c DLC
|d TXA
|d UtOrBLW
|
| 043 |
|
|
|a n-cn-mb
|
| 049 |
|
|
|a TXAM
|
| 050 |
0 |
0 |
|a F1062.4
|b .L48 1991
|
| 082 |
0 |
0 |
|a 971.27
|2 20
|
| 100 |
1 |
|
|a LeVert, Suzanne.
|
| 245 |
1 |
0 |
|a Let's discover Canada.
|p Manitoba /
|c by Suzanne LeVert ; George Sheppard, general editor.
|
| 264 |
|
1 |
|a New York :
|b Chelsea House Publishers,
|c [1991]
|
| 264 |
|
4 |
|c ©1991
|
| 300 |
|
|
|a 64 pages :
|b illustrations (some color) ;
|c 21 cm.
|
| 336 |
|
|
|a text
|b txt
|2 rdacontent
|
| 337 |
|
|
|a unmediated
|b n
|2 rdamedia
|
| 338 |
|
|
|a volume
|b nc
|2 rdacarrier
|
| 520 |
|
|
|a Discusses the history, geography, and culture of the Canadian province of Manitoba.
|
| 504 |
|
|
|a Includes bibliographical references (page 61) and index.
|
| 651 |
|
0 |
|a Manitoba
|x Juvenile literature.
|
| 651 |
|
1 |
|a Manitoba.
|
| 700 |
1 |
|
|a Sheppard, George.
|
| 999 |
|
|
|a MARS
|
| 999 |
f |
f |
|s 6a108b31-bfa8-38a4-bf07-e34a07781083
|i 541a572f-500f-31c1-8e67-5cc8825fb2ef
|t 0
|
| 952 |
f |
f |
|p ric
|a Texas A&M University
|b Rellis Campus
|c Joint Library Facility
|d Remote Storage
|t 0
|e F1062.4 .L48 1991
|h Library of Congress classification
|i unmediated -- volume
|m A14815707583
|
| 998 |
f |
f |
|a F1062.4 .L48 1991
|t 0
|l Remote Storage
|